00362nam a2200169Ia 4500008004000000041000800040082001300048100001600061245003200077260002700109650001100136650001000147650001100157650000700168650000900175700000800184210210b1959 xxu||||| |||| 00| 0 eng d aeng a829/1205 aWALSH (J H) aSecond book of wonder tales aLondonbLongmansc1959 awonder atales aSecond aof abook aA M